Brand culture / (Record no. 348218)
[ view plain ]
| 000 -LEADER | |
|---|---|
| fixed length control field | 01797 a2200193 4500 |
| 020 ## - INTERNATIONAL STANDARD BOOK NUMBER | |
| International Standard Book Number | 0415355990 (paperback) |
| 020 ## - INTERNATIONAL STANDARD BOOK NUMBER | |
| International Standard Book Number | 9780415355995 (paperback) |
| 082 04 - DEWEY DECIMAL CLASSIFICATION NUMBER | |
| Classification number | 658.827 |
| 090 ## - LOCALLY ASSIGNED LC-TYPE CALL NUMBER (OCLC); LOCAL CALL NUMBER (RLIN) | |
| -- | 5819 |
| -- | 5819 |
| 100 1# - MAIN ENTRY--PERSONAL NAME | |
| Personal name | Schroeder, Jonathan E. |
| 245 10 - TITLE STATEMENT | |
| Title | Brand culture / |
| Statement of responsibility, etc. | Jonathan E. Schroeder, Miriam Salzer-Morling. |
| 250 ## - EDITION STATEMENT | |
| Edition statement | New edition ed. |
| 260 ## - PUBLICATION, DISTRIBUTION, ETC. | |
| Place of publication, distribution, etc. | [S.l.] : |
| Name of publisher, distributor, etc. | Routledge, |
| Date of publication, distribution, etc. | 2005. |
| 300 ## - PHYSICAL DESCRIPTION | |
| Extent | 240 p. ; |
| Dimensions | 24 cm. |
| 520 ## - SUMMARY, ETC. | |
| Summary, etc. | Brands occupy an increasingly prominent place in the managerial mind as well as the cultural landscape. Recent research has shown that brands are interpreted or read in multiple ways, prompting an important and illuminating reconsideration of how branding "works," and shifting attention from brand producers toward consumer response to understand how branding interacts with consumers to create meaning. Largely missing from these insights, however, is an awareness of basic cultural processes that affect contemporary brands, including historical context, ethical concerns, and consumer response. Neither managers nor consumers completely control branding processes - cultural codes constrain how brands work to produce meaning. Brand Culture places brands firmly within culture to look at the complex underpinnings of branding processes. The reader finds case studies of iconic global brands like Benetton, LEGO, and Ryanair, practical managerial advice, as well as thoughtful analyses of broad concepts and strategic brand management by leading brand researchers, including John Balmer, Stephen Brown, Mary Jo Hatch, Majken Schultz, Soren Askegaard, Richard Elliott and Jean-Noel Kapferer. |
| 700 1# - ADDED ENTRY--PERSONAL NAME | |
| Personal name | Salzer-Morling, Miriam. |
| 856 40 - ELECTRONIC LOCATION AND ACCESS | |
| Materials specified | Amazon.com |
| Uniform Resource Identifier | <a href="http://www.amazon.com/exec/obidos/ASIN/0415355990/chopaconline-20">http://www.amazon.com/exec/obidos/ASIN/0415355990/chopaconline-20</a> |
| 942 ## - ADDED ENTRY ELEMENTS (KOHA) | |
| Institution code [OBSOLETE] | NBS |
| Koha item type | Book |
| Call number prefix | 658.827 SCH |
| Withdrawn status | Lost status | Damaged status | Not for loan | Permanent Location | Current Location | Date acquired | Total Checkouts | Full call number | Barcode | Date last seen | Price effective from | Koha item type |
|---|---|---|---|---|---|---|---|---|---|---|---|---|
| Central Library (CL) | Central Library (CL) | 08/28/2013 | 658.827 SCH | NBS7220 | 07/07/2014 | 08/28/2013 | Book |
